Thermodynamics: an introduction to the physical theories of equilibrium thermostatics and irreversible thermodynamics
Gespeichert in:
| 1. Verfasser: | |
|---|---|
| Format: | Buch |
| Sprache: | Englisch |
| Veröffentlicht: |
Nueva York
John Wiley & Sons
1960
|
| Schlagworte: | |
| Tags: |
Tag hinzufügen
Keine Tags, Fügen Sie den ersten Tag hinzu!
|
MARC
| LEADER | 00000nam a2200000 a 4500 | ||
|---|---|---|---|
| 001 | UCY7114 | ||
| 003 | CL-VaPUC | ||
| 008 | 950609e19600000US |||||||||||||||||eng|d | ||
| 082 | 0 | 4 | |a 536.7 |b CAL |2 21 |
| 100 | 0 | |a Callen, Herbert B |e author |9 337400 | |
| 245 | 1 | 0 | |a Thermodynamics: an introduction to the physical theories of equilibrium thermostatics and irreversible thermodynamics |
| 300 | |a 376 p | ||
| 942 | |c BK | ||
| 945 | |d 19950609 00:00:00 |a awong | ||
| 260 | |a Nueva York |b John Wiley & Sons |c 1960 | ||
| 650 | 0 | |a Termodinámica |9 259320 | |
| 650 | 0 | |a Termoquímica |9 337401 | |
| 583 | |a last modification |c 19950609 00:00:00 |k Rodrigo Vera | ||
| 999 | |c 234562 |d 234560 | ||
| 952 | |0 0 |1 0 |4 0 |6 536_700000000000000_CAL_1960 |7 0 |8 A |9 241092 |a BIBING |b BIBING |d 2019-11-18 |i 3086658 |o 536.7 CAL 1960 |p 3086658 |r 2025-01-20 |w 2019-11-18 |y BK |k EIQ | ||
| 952 | |0 0 |1 0 |4 0 |6 536_700000000000000_CAL_1960 |7 0 |8 A |9 241093 |a BIBCUR |b BIBCUR |d 2019-11-18 |i 4543076 |l 3 |o 536.7 CAL 1960 |p 4543076 |r 2025-04-22 |s 2023-05-18 |w 2019-11-18 |y BK |k FIS | ||